| 000 | 01000naa a22002897a 4500 | ||
|---|---|---|---|
| 001 | BR9400792 | ||
| 003 | BR-BrBNA | ||
| 005 | 20240918180923.0 | ||
| 007 | ta | ||
| 008 | 230509b bl.||||| |||| 00| 0 por d | ||
| 040 |
_aBR-BrBNA _bpor _cBiblioteca Nacional de Agricultura |
||
| 041 | _a(Pt) | ||
| 072 |
_aF50 _b1220 |
||
| 090 | _aF50 BR9400792 | ||
| 100 | 1 | _aAlmeida, J.I.L. de | |
| 100 | 1 | _aAraujo, F.E. de | |
| 100 | 1 | _aLopes, J.G.V. | |
| 245 | 1 | _aEstudo preliminar das caracteristicas fisicas das castanhas de progenies - matrizes de cajueiro anao precoce | |
| 260 | 3 |
_aFortaleza, CE (Brasil): _c1992. |
|
| 500 | _aRelatorio Anual de Pesquisa 1980/1992 Fortaleza, CE (Brasil): 1992. v. 1 p. 81-86 (BR9400792-AM)F50 | ||
| 650 | _aCastanha de Caju | ||
| 650 | _aProgenie | ||
| 650 | _aAnatomia Vegetal | ||
| 773 | 0 |
_tRelatorio Anual de Pesquisa 1980/1992 _wF50 BR9400792 _gFortaleza, CE (Brasil), 1992. v. 1 p. 81-86 |
|
| 909 |
_a202404 _bLucia _c55 _dLucia Elande |
||
| 942 |
_cAM _2AGRIS |
||
| 999 |
_c322681 _d322681 |
||